| 000 | 00544nam a22002057a 4500 | ||
|---|---|---|---|
| 003 | OSt | ||
| 005 | 20161108181506.0 | ||
| 008 | 160426b xxu||||| |||| 00| 0 eng d | ||
| 020 | _a0521586771 | ||
| 040 | _cDDC. | ||
| 082 | _a100MEL 1999. | ||
| 100 |
_aMelanchthon,Philip; _98317 |
||
| 245 | _aOperations on Philosophy and Education. | ||
| 260 |
_bCambridge University Press. _c1999. |
||
| 300 |
_axxxvii,272p; _bill; _c24cm. |
||
| 504 | _aincludes index. | ||
| 650 |
_aEducation. _91404 |
||
| 650 |
_aPhilosophy _96457 |
||
| 942 |
_2ddc _cSLOAN |
||
| 999 |
_c3778 _d3778 |
||